000 00790nam a22002297a 4500
999 _c3799
_d3799
003 AR-CdUCM
008 190307b ||||| |||| 00| 0 spa d
020 _a9682435765
040 _aMUNICIPALIDAD PROVINCIAL DEL CUSCO
_cBIBLIOTECA MUNICIPAL DEL CUSCO
082 _a338.479 /
_bH25
100 _aHaulot, Arthur
_912255
245 _aTurismo social /
260 _aMexico :
_bTrillas,
_c2014.
300 _a182 páginas ;
_c24 cm.
505 _aIdeas fundamentales -- Turismo y libertad -- Los hombres del turismo -- Turismo y cultura --Turismo y Ambiente -- El turismo social...
650 _aConcepto turístico.
_912256
650 _aTurismo.
_94560
650 _aTurismo social.
_912257
650 _aTurismo y desarrollo.
_912258
942 _2ddc
_cLIBROS
945 _awfj
_d2019-03-07